| 000 | 00673nam a2200205 a 4500 | ||
|---|---|---|---|
| 001 | 3235 | ||
| 003 | CDMR | ||
| 005 | 20131121102158.0 | ||
| 008 | 130130s1983||||||||||||||||||||||||||||d | ||
| 020 | _a8474760763 | ||
| 040 |
_aCDMR _bcat _cCDMR |
||
| 100 | 1 |
_aBouza Alvarez, Fermín _92346 |
|
| 245 | 1 | 0 |
_aProcedimientos retóricos del cartel _cFermín Bouza Álvarez ; prólogo de José Luis López Aranguren |
| 260 |
_aMadrid _c1983 _bCentro de Investigaciones Sociológicas |
||
| 300 | _a180 p. | ||
| 490 | 0 |
_aMonografías (Centro de Investigaciones Sociológicas) _v63 |
|
| 650 | 0 | 4 |
_93737 _aComunicació visual |
| 650 | 0 | 4 |
_93091 _aLlenguatge publicitari |
| 942 |
_cMON _2udc |
||
| 999 |
_c3235 _d3235 |
||